| 000 | 00000nam 2200000zi 4500 |
| 001 | 9.910229 |
| 003 | CaOODSP |
| 005 | 20221107182107 |
| 006 | m o d f |
| 007 | cr ||||||||||| |
| 008 | 220412e202207##onc o f000 0 fre d |
| 020 | |a9780660430690 |
| 040 | |aCaOODSP|bfre|erda|cCaOODSP |
| 043 | |an-cn--- |
| 086 | 1 |aH164-249/2022F-PDF |
| 245 | 00|aÉtiquetage nutritionnel : |btableau des mentions et des allégations autorisées concernant la teneur nutritive. |
| 264 | 1|aOttawa (Ontario) : |bSanté Canada = Health Canada, |cjuillet 2022. |
| 264 | 4|c©2022 |
| 300 | |a1 ressource en ligne (23 pages) |
| 336 | |atexte|btxt|2rdacontent/fre |
| 337 | |ainformatique|bc|2rdamedia/fre |
| 338 | |aressource en ligne|bcr|2rdacarrier/fre |
| 500 | |aPublié aussi en anglais sous le titre : Nutrition labelling: table of permitted nutrient content statements and claims. |
| 650 | 6|aAliments|xÉtiquetage|zCanada. |
| 650 | 6|aAliments|xÉtiquetage|xNormes|zCanada. |
| 710 | 1 |aCanada. |bSanté Canada, |eorganismes de publication. |
| 775 | 08|tNutrition labelling : |w(CaOODSP)9.910227 |
| 795 | |tÉtiquetage nutritionnel |w(CaOODSP)9.864146 |
| 856 | 40|qPDF|s517 Ko|uhttps://publications.gc.ca/collections/collection_2022/sc-hc/H164-249-2022-fra.pdf |
| 986 | |a220043 |